| 000 | 00757nam a2200253Ia 4500 | ||
|---|---|---|---|
| 001 | 16498 | ||
| 003 | GE_BSU | ||
| 008 | 181216s||||||||xx |||||||||||||| ||und|| | ||
| 020 | _a5884050313 | ||
| 040 | _cGE_BSU | ||
| 080 | _a621.396.6.08 | ||
| 100 | _aБакланов,И,Г | ||
| 245 | _aТестирование и диагностика систем связи | ||
| 245 | _bиздание для специалистов | ||
| 260 | _aМосква | ||
| 260 | _bЭко-трендз | ||
| 260 | _c2001 | ||
| 300 | _a268стр,ил,24см | ||
| 300 | _bбиблиог,стр 261-264 | ||
| 541 | _h22л, | ||
| 653 | _aТестирование и диагностика систем связи | ||
| 653 | _aტექნიკა | ||
| 942 | _cBK | ||
| 999 |
_c49566 _d49566 |
||